Microsoft Office 97 : Kompletní průvodce
Salvato in:
| Natura: | Libro |
|---|---|
| Lingua: | ceco |
| Pubblicazione: |
Praha :
Grada Publishing,
1997
|
| Edizione: | 1.vyd. |
| Soggetti: | |
| Tags: |
Nessun Tag, puoi essere il primo ad aggiungerne!!
|
MARC
| LEADER | 00000nam a22000003a 4500 | ||
|---|---|---|---|
| 001 | stu46293 | ||
| 005 | 20190206132402.4 | ||
| 008 | 980224s1997----cs------------------cze-d | ||
| 020 | |a 80-7169-546-7 | ||
| 040 | |a STU |b slo | ||
| 041 | 0 | |a cze | |
| 044 | |a cs | ||
| 080 | |a 681.3.066 | ||
| 245 | |a Microsoft Office 97 : |b Kompletní průvodce | ||
| 250 | |a 1.vyd. | ||
| 260 | |a Praha : |b Grada Publishing, |c 1997 | ||
| 300 | |a 381 s | ||
| 650 | 7 | |a Office 97 |2 stusub | |
| 996 | |b 284M024917 |c M*9764-1 |l MMKN |s A |a 24 |w stu46293_0001 | ||
| 996 | |b M 30693 |c M*9764-2 |l MMKN |s A |a 24 |w stu46293_0002 | ||